| 000 | 00470nam a22001337a 4500 | ||
|---|---|---|---|
| 020 | _a978-979-799-181-4 | ||
| 084 | _a173-0325 TYA His Bo.1 | ||
| 100 | _aHargyaning Tyas | ||
| 245 | _aStudi Kebijakan Pertahanan: Problematika Pengelolaan Keamanan dan Pertahanan di Wilayah Konflik ( Aceh dan Papua) | ||
| 260 |
_aJakarta _bLIPI Press _c2007 |
||
| 300 | _ai-vi + 193 hlm | ||
| 650 |
_aHistory (Sejarah) _eH-I-S _vPertahanan di Wilayah Konflik (Aceh dan Papua) |
||
| 942 | _cBK | ||
| 999 |
_c25687 _d25678 |
||